<?xml version="1.0" encoding="UTF-8"?>
<marc:record xmlns:marc="http://www.loc.gov/MARC21/slim">
   <marc:leader>00000nam a2200000 a 4500</marc:leader>
   <marc:datafield ind1="0" ind2="0" tag="245">
      <marc:subfield code="a">Petterson und Findus : der Weihnachtsmann kommt</marc:subfield>
   </marc:datafield>
   <marc:datafield ind1="0" ind2="0" tag="245">
      <marc:subfield code="b">[Teil 1 &amp; 2]</marc:subfield>
   </marc:datafield>
   <marc:datafield ind1=" " ind2="1" tag="264">
      <marc:subfield code="b">Edel Germany GmbH</marc:subfield>
   </marc:datafield>
   <marc:datafield ind1="1" ind2=" " tag="490">
      <marc:subfield code="a">Pettersson und Findus</marc:subfield>
   </marc:datafield>
   <marc:datafield ind1="1" ind2=" " tag="520">
      <marc:subfield code="a">Darsteller: Torbjörn Jansson
Regisseur(e): Albert Hanan Kaminski
Irgendwo im Norden, wo die Füchse sich gute Nacht sagen, lebt der alte Pettersson. Weil er schon lange alleine wohnt, bringt ihm eines Tages Nachbarin Andersson ein junges Kätzchen. Er nennt das Kätzchen Findus und erkennt bald, dass es reden kann - und außerdem sein Leben auf den Kopf stellt. Gemeinsam gehen sie angeln, feiern Geburtstag und Findus hält den alten Pettersson ganz schön in Atem. 
Eine Weihnachtsgeschichte in 6 Teilen/Teil 1
Erstes Kapitel: Der Wunschzettel
Zweites Kapitel: Ein komischer Briefträger
Drittes Kapitel: Erfindungen
</marc:subfield>
   </marc:datafield>
   <marc:datafield ind1="3" ind2=" " tag="024">
      <marc:subfield code="a">4029759104520</marc:subfield>
   </marc:datafield>
   <marc:datafield ind1=" " ind2=" " tag="300">
      <marc:subfield code="a">45 min.</marc:subfield>
   </marc:datafield>
</marc:record>
